00340nam a2200121Ia 4500008004100000082001400041100001900055245003700074260002700111365000600138630003700144730003700181100415s9999 xx 000 0 und d b5537a954 aMalcolm, John aA Memoir Of Central India Vol. 1 aLONDONc1900bKingslan b0 aA Memoir Of Central India Vol. 1 aA Memoir Of Central India Vol. 1